000
00239nam a2200097Ia 4500
001
760782
005
20250826165155.0
008
250824s9999 xx 000 0 und d
245
0
_a
ÖLÜM YOLCULUKLARI
_c
MARK MORRIS
260
_b
MARTI YAYINLARI
999
_c
760782
_d
760782